Statistics for 500 Busiest Airport IATA Codes

Click here to take the quiz!

General Stats

  • This quiz has been taken 174 times
  • The average score is 169 of 500

Answer Stats

HintAnswer% Correct
AmsterdamAMS
89%
AtlantaATL
89%
AthensATH
85%
SingaporeSIN
84%
AdelaideADL
82%
AlgiersALG
82%
AccraACC
80%
Los AngelesLAX
80%
San DiegoSAN
80%
Addis AbabaADD
78%
AnchorageANC
78%
AustinAUS
78%
DublinDUB
78%
HelsinkiHEL
78%
LondonLHR
78%
AbidjanABJ
76%
AlbanyALB
76%
CairoCAI
76%
DallasDAL
76%
DelhiDEL
76%
HavanaHAV
76%
IstanbulIST
76%
New YorkJFK
76%
ManchesterMAN
76%
MiamiMIA
76%
PhiladelphiaPHL
76%
AlicanteALC
75%
BelemBEL
75%
BangkokBKK
75%
EdinburghEDI
75%
FrankfurtFRA
75%
IndianapolisIND
75%
Las VegasLAS
75%
LimaLIM
75%
LagosLOS
75%
MadridMAD
75%
MelbourneMEL
75%
Mexico CityMEX
75%
PhoenixPHX
75%
San FranciscoSFO
75%
BostonBOS
73%
ParisCDG
73%
LisbonLIS
73%
OsloOSL
73%
SeattleSEA
73%
BerlinBER
71%
BrusselsBRU
71%
BudapestBUD
71%
DenverDEN
71%
HanoiHAN
71%
Hong KongHKG
71%
IbizaIBZ
71%
PerthPER
71%
BarcelonaBCN
69%
DohaDOH
69%
DubaiDXB
69%
HonoluluHNL
69%
LondonLGW
69%
BeijingPEK
69%
RhodesRHO
69%
SydneySYD
69%
TunisTUN
69%
TorontoYYZ
69%
ZurichZRH
69%
AucklandAKL
67%
GuangzhouCAN
67%
CancunCUN
67%
GlasgowGLA
67%
LuxembourgLUX
67%
PenangPEN
67%
SofiaSOF
67%
BogotaBOG
65%
MumbaiBOM
65%
CopenhagenCPH
65%
Cape TownCPT
65%
DusseldorfDUS
65%
HoustonHOU
65%
JeddahJED
65%
NiceNCE
65%
TokyoNRT
65%
PraguePRG
65%
Salt Lake CItySLC
65%
AdanaADA
64%
BuffaloBUF
64%
DallasDFW
64%
HamburgHAM
64%
ChicagoORD
64%
San JoseSJO
64%
Abu DhabiAUH
62%
HeraklionHER
62%
ManilaMNL
62%
ViennaVIE
62%
WarsawWAW
62%
BristolBRS
60%
Dar Es SalaamDAR
60%
El PasoELP
60%
NewarkEWR
60%
Kuala LumpurKUL
60%
MunichMUC
60%
OaklandOAK
60%
BariBRI
58%
BurbankBUR
58%
CebuCEB
58%
ClevelandCLE
58%
FaroFAO
58%
RomeFCO
58%
New YorkLGA
58%
MilanLIN
58%
NandiNAN
58%
TaipeiTPE
58%
BrisbaneBNE
56%
CagliariCAG
56%
DetroitDTW
56%
FukuokaFUK
56%
HyderabadHYD
56%
OrlandoORL
56%
BremenBRE
55%
LjubljanaLJU
55%
NaplesNAP
55%
San SalvadorSAL
55%
ShanghaiSHA
55%
VancouverYVR
55%
Buenos AiresEZE
53%
TokyoHND
53%
WashingtonIAD
53%
SeoulICN
53%
LondonLTN
53%
OrlandoMCO
53%
PittsburghPIT
53%
CuzcoCUZ
51%
FuerteventuraFUE
51%
GenevaGVA
51%
LondonLCY
51%
St PetersburgLED
51%
OntarioONT
51%
PisaPSA
51%
AlbuquerqueABQ
49%
BelgradeBEG
49%
DenpasarDPS
49%
KeflavikKEF
49%
MarseilleMRS
49%
MinneapolisMSP
49%
OitaOIT
49%
OmahaOMA
49%
St. LouisSTL
49%
TijuanaTIJ
49%
ZagrebZAG
49%
BirminghamBHX
47%
CharlotteCLT
47%
DurbanDUR
47%
EindhovenEIN
47%
Sao PauloGRU
47%
Guatemala CityGUA
47%
MilanoMXP
47%
NagpurNAG
47%
OranORN
47%
Ho Chi MinhSGN
47%
LondonSTN
47%
Tel AvivTLV
47%
WuhanWUH
47%
CalgaryYYC
47%
BordeauxBOD
45%
HaikouHAK
45%
PortlandPDX
45%
MontrealYUL
45%
AhmedabadAMD
44%
DakarDKR
44%
MoscowDME
44%
GothenburgGOT
44%
HoustonIAH
44%
NairobiNBO
44%
PalermoPMO
44%
BusanPUS
44%
ShanghaiPVG
44%
RecifeREC
44%
MalagaAGP
42%
CologneCGN
42%
FortalezaFOR
42%
Rio De JaneiroGIG
42%
IloiloILO
42%
JohannesburgJNB
42%
LihueLIH
42%
MadinahMED
42%
MonastirMIR
42%
PortoOPO
42%
San AntonioSAT
42%
ShenyangSHE
42%
VeniceVCE
42%
BelfastBFS
40%
GoaGOI
40%
MaltaMLA
40%
MoscowSVO
40%
TehranTHR
40%
OttawaYOW
40%
AhwazAWZ
38%
CordobaCOR
38%
DubrovnikDBV
38%
DresdenDRS
38%
Fort LauderdaleFLL
38%
FunchalFNC
38%
PhuketHKT
38%
JaipurJAI
38%
KrakowKRK
38%
NatalNAT
38%
ProvidencePVD
38%
San JoseSJC
38%
SyracuseSYR
38%
ToulouseTLS
38%
TampaTPA
38%
StockholmARN
36%
AntalyaAYT
36%
NashvilleBNA
36%
JakartaCGK
36%
DavaoDVO
36%
HaiphongHPH
36%
KatowiceKTW
36%
Kansas CityMCI
36%
Santa AnaSNA
36%
SubayaSUB
36%
UfaUFA
36%
BaltimoreBWI
35%
CanberraCBR
35%
DortmundDTM
35%
HahnHHN
35%
OsakaKIX
35%
New OrleansMSY
35%
MonterreyMTY
35%
NagoyaNGO
35%
RigaRIX
35%
TenerifeTFS
35%
ArrecifeACE
33%
BangaloreBLR
33%
CataniaCTA
33%
SeoulGMP
33%
JacksonvilleJAX
33%
LyonLYS
33%
OkinawaOKA
33%
BucharestOTP
33%
PatinaPAT
33%
EdmontonYEG
33%
ArequipaAQP
31%
BergenBGO
31%
RomeCIA
31%
CairnsCNS
31%
WashingtonDCA
31%
AnkaraESB
31%
KazanKZN
31%
MadrasMAA
31%
MenorcaMAH
31%
Palma de MallorcaPMI
31%
MarrakechRAK
31%
StuttgartSTR
31%
TbilisiTBS
31%
IzmirADB
29%
BrasiliaBSB
29%
MulhouseBSL
29%
CharleroiCRL
29%
DiyabakirDIY
29%
DarwinDRW
29%
GdanskGDN
29%
LuandaLAD
29%
LiverpoolLPL
29%
MilwaukeeMKE
29%
NantesNTE
29%
PanamaPTY
29%
RiyadhRUH
29%
SharjahSHJ
29%
TaeguTAE
29%
TabrizTBZ
29%
WuxiWUX
29%
BilbaoBIO
27%
BangkokDMK
27%
HurghadaHRG
27%
Johor BahruJHB
27%
Gran CanariaLPA
27%
ChicagoMDW
27%
NewcastleNCL
27%
IstanbulSAW
27%
ValenciaVLC
27%
ChejuCJU
25%
CincinnatiCVG
25%
HangzhouHGH
25%
PalembangPLM
25%
Porto AlegrePOA
25%
StavangerSVG
25%
ChristchurchCHC
24%
DalamanDLM
24%
IrkutskIKT
24%
KuchingKCH
24%
RostovROV
24%
Santa Cruz de TenerifeTFN
24%
MoscowVKO
24%
BergamoBGY
22%
IndoreIDR
22%
OsakaITM
22%
KunmingKMG
22%
KhartoumKRT
22%
Long BeachLGB
22%
ManausMAO
22%
NagasakiNGS
22%
NanningNNG
22%
PensacolaPNS
22%
Palm SpringsPSP
22%
SacramentoSMF
22%
TakamatsuTAK
22%
TrivandrumTRV
22%
BalikpapanBPN
20%
KolkataCCU
20%
CasablancaCMN
20%
DanangDAD
20%
East MidlandsEMA
20%
GuadalajaraGDL
20%
GeronaGRO
20%
HanoverHAJ
20%
HefeiHFE
20%
TehranIKA
20%
IshigakiISG
20%
JinghonggasaJHG
20%
YogyakartaJOG
20%
LeedsLBA
20%
NingboNGB
20%
RaleighRDU
20%
YangonRGN
20%
XiamenXMN
20%
QuebecYQB
20%
AbujaABV
18%
Chiang MaiCNX
18%
SapporoCTS
18%
HakodateHKD
18%
HueHUI
18%
KievKBP
18%
LucknowLKO
18%
MinskMSQ
18%
SantiagoSCL
18%
SplitSPU
18%
TrondheimTRD
18%
WellingtonWLG
18%
WinnipegYWG
18%
Buenos AiresAEP
16%
AmritsarATQ
16%
Sao PauloCGH
16%
ChangchunCGQ
16%
ColumbusCMH
16%
KochiCOK
16%
ChengduCTU
16%
HarbinHRB
16%
Foz Do IguacuIGU
16%
YinchuanINC
16%
LeipzigLEJ
16%
LangkawiLGK
16%
MendozaMDZ
16%
Ponta DelgadaPDL
16%
Puerto PrincesaPPS
16%
Sharm El SheikhSSH
16%
ShenzhenSZX
16%
TianjinTSN
16%
VaranasiVNS
16%
ZhuhaiZUH
16%
CoimbatoreCJB
15%
GazieantepGZT
15%
AlexandriaHBE
15%
BaghdograIXB
15%
LijangLJG
15%
MashhadMHD
15%
CoolangattaOOL
15%
PunePNQ
15%
SrinagarSXR
15%
SanyaSYX
15%
TaiyuanTYN
15%
SochiAER
13%
BhubaneswarBBI
13%
Windsor LocksBDL
13%
BolognaBLQ
13%
CalicutCCJ
13%
GuwahatiGAU
13%
MangaloreIXE
13%
KonaKOA
13%
West Palm BeachPBI
13%
Fort MyersRSW
13%
ThessalonikiSKG
13%
SemarangSRG
13%
SevillaSVQ
13%
QingdaoTAO
13%
VladivostokVVO
13%
HalifaxYHZ
13%
ChongqingCKG
11%
FuzhouFOC
11%
NanchangKHN
11%
KaliboKLO
11%
MaturinMUN
11%
NuremburgNUE
11%
PontianakPNK
11%
VishakhapatnamVTZ
11%
Xi'anXIY
11%
KayseriASR
9%
HobartHBA
9%
KagoshimaKOJ
9%
KrasnodarKRR
9%
LanzhouLHW
9%
TabingPDG
9%
ShijazhuangSJW
9%
SalvadorSSA
9%
YantaiYNT
9%
ZakynthosZTH
9%
BandungBDO
7%
HohhotHET
7%
KrabiKBV
7%
MedanKNO
7%
NanjingNKG
7%
PekanbaruPKU
7%
PhuquocPQC
7%
SanfordSFB
7%
PhilipsburgSXM
7%
Ujung PandangUPG
7%
Ko SamuiUSM
7%
Udon ThaniUTH
7%
VinhVII
7%
QueenstownZQN
7%
BatamBTH
5%
ZhengzhouCGO
5%
ChongjuCJJ
5%
JayapuraDJJ
5%
GoianiaGYN
5%
JakartaHLP
5%
QuanzhouJJN
5%
Kota BahruKBR
5%
KaliningradKGD
5%
KaohsiungKHH
5%
GuilinKWL
5%
LhasaLXA
5%
ManadoMDC
5%
MinyangMIG
5%
PlaisanceMRU
5%
WeezeNRN
5%
Saint-DenisRUN
5%
Rio De JaneiroSDU
5%
YekaterinburgSVX
5%
JinanTNA
5%
TaipeiTSA
5%
UrumqiURC
5%
Surat ThaniURT
5%
WenzhouWNZ
5%
TorontoYTZ
5%
BanjarmasinBDJ
4%
BodrumBJV
4%
Kota KinabaluBKI
4%
Chiang RaiCEI
4%
Belo HorizonteCNF
4%
ChangchaCSX
4%
JambiDJB
4%
DalianDLC
4%
Hat YaiHDY
4%
EsfahanIFN
4%
KhabarovskKHV
4%
Khon KaenKKC
4%
KumamotoKMJ
4%
BeijingNAY
4%
SendaiSDJ
4%
SimferopolSIP
4%
ShantouSWA
4%
ShirazSYZ
4%
KobeUKB
4%
CampinasVCP
4%
XiningXNN
4%
KelownaYLW
4%
CuiabaCGB
2%
LadagCGY
2%
CuritibaCWB
2%
Nha TrangCXR
2%
ChangzhouCZX
2%
Porto Seguro
BPS
2%
FlorianopolisFLN
2%
HiroshimaHIJ
2%
Kish IslandKIH
2%
KrasnoyarskKJA
2%
MiyazakiKMI
2%
SamaraKUF
2%
GuiyangKWE
2%
MaceioMCZ
2%
Mineralnye VodyMRV
2%
MatsuyamaMYJ
2%
MiriMYY
2%
MakungMZG
2%
Pangkal PinangPGK
2%
SantiagoSCQ
2%
SurgutSGC
2%
SamsunSZF
2%
TyumenTJM
2%
TrabzonTZX
2%
Ubon RatchathaniUBP
2%
VitoriaVIX
2%
YangzhouYTY
2%
VictoriaYYJ
2%
NicosiaECN
0%
KanazawaKMQ
0%
PrayaLOP
0%
GasanMRQ
0%
NovosibirskOVB
0%
PortlandPVM
0%
Kuala LumpurSZB
0%

Score Distribution

Percentile by Number Answered

Percent of People with Each Score

Your Score History

You have not taken this quiz